| 000 | 00602nam a22002177a 4500 | ||
|---|---|---|---|
| 005 | 20170124110245.0 | ||
| 010 | _a054494 | ||
| 020 | _c00.00 | ||
| 035 | _a054494 | ||
| 037 | _bCen Lib/Ret | ||
| 040 |
_aDPL _bEN |
||
| 082 |
_a016.7 _bBOL |
||
| 100 |
_aBolen, Francis _997116 |
||
| 245 |
_aFilms on art : _cby Francis Bolen _bpanorama 1953 / |
||
| 260 |
_aParis _bUNESCO _c1953 |
||
| 270 |
_bParis _a19, Avenue Kleber |
||
| 300 |
_a79p. : _c20cm(Hb) _bill. |
||
| 650 |
_aArt in motion pictures. _997117 |
||
| 650 |
_aArt -- Film catalogs. _997118 |
||
| 942 |
_2ddc _cEN _h016.7 _mBOL |
||
| 999 |
_c135450 _d135450 |
||